| 000 | 00977nam a2200313 4500 | ||
|---|---|---|---|
| 003 | OSt | ||
| 005 | 20260530115308.0 | ||
| 008 | 260508b19761978INU||||| |||| 00| 0 eng d | ||
| 020 | _a0672233215 | ||
| 040 |
_aICI _bSPA _cICI |
||
| 041 | _aENG | ||
| 050 |
_aTH6121 .M33 _b1978 |
||
| 100 | 1 |
_aMcConnell, Charles. _932346 |
|
| 245 | 1 | 0 | _aHome Plumbing Handbook |
| 250 | _a2nd edition. | ||
| 264 | 1 |
_aIndianapolis, Indiana : _bTheodore Audel & Co., _c1978. |
|
| 300 |
_a212 páginas _bilustraciones |
||
| 336 |
_atexto _2rdacontent |
||
| 337 |
_asin medio _2rdamedia |
||
| 338 |
_avolumen _2rdacarrier |
||
| 502 | _aPublicado originalmente en 1976, Impreso en Estados Unidos. | ||
| 650 | _aPlomería. | ||
| 650 |
_aInstalaciones hidráulicas. _932348 |
||
| 650 |
_aViviendas$xMantenimiento y reparación. _932349 |
||
| 650 |
_aTuberías domésticas. _932350 |
||
| 650 |
_aSuministro de agua en edificios. _932351 |
||
| 650 | _aManuales técnicos. | ||
| 942 |
_2lcc _cBK _n1 |
||
| 999 |
_c13197 _d13197 |
||